000 00966nam a2200313Ia 4500
999 _c200429900
_d47826
001 91206
003 TR-AnTOB
005 20200820123806.0
007 ta
008 120524s2005 tu a b 001 pdtur d
020 _a9789758406852
040 _aMiU
_btur
_erda
_cEYM
_dDLC
_dSULEY
_dTR-AnTOB
041 0 _atur
049 _aMAIN
050 0 0 _aPL53.9.K43
_bA6 2007
090 _aPL53.9.K43
_bA6 2007
100 1 _aKhan, Bairam,
_d1524?-1561
_eauthor
_9120401
245 1 0 _aBayram Han'ın Türkçe divanı /
_c[hazırlayan] Münevver Tekcan.
264 1 _aİstanbul :
_bBeşir Kitabevi,
_c2007.
300 _a425 sayfa ;
_c24 sm.
504 _aKaynakça (sayfa 341-343) ve dizin vardır.
650 7 _aÇağatay dili
_2etuturkob
_98343
650 0 _aChagatai language
_98344
650 7 _aTürk dili
_2etuturkob
_9119101
650 0 _aTurkish language
_916761
700 1 _aTekcan, Münevver
_eeditor
_9120411
942 _2lcc
_cBK